000 01742nam a2200277Ia 4500
999 _c39996
_d39996
001 6602
003 GE_BSU
005 20191119151204.0
008 181216s||||||||xx |||||||||||||| ||und||
020 _a9789941218644
040 _cGE_BSU
041 _ageo
080 _a94(479.22) ს-32
245 _aსაქართველოს ისტორია ოთხ ტომად :
_bტ.2. საქართველო IV საუკუნიდან XIII საუკუნამდე /
_cმარიამ ლორთქიფანიძე, დავით მუსხელიშვილი, როინ მეტრეველი ; რედ. როინ მეტრეველი
264 _aთბილისი :
_bპალიტრა L
_c2012
300 _a463 გვ.;
_b16 ჩართ. ფ. ილ..;
_c25 სმ.
500 _a ოთხივე ტომი მოთავსებულია მუყაოს ყუთში.
541 _h15ლ.
653 _aსაქართველოს ისტორია
700 _a ლორთქიფანიძე, მარიამ
_eავტორი
_95445
700 _aმუსხელიშვილი, დავით
_eავტორი
_95446
700 _a მეტრეველი, როინ
_eავტორი
_95447
700 _aლორთქიფანიძე, მარიამ და სხვ.
_eრედაქტორი
_95448
710 _a საქ. მეცნ. ეროვნ. აკად.
_b ისტ., ეთნოლ., რელიგიის შესწავლისა და პროპაგანდის სამეცნ. ცენტრი
_95449
942 _cBK
_2udc